• 首页
  • 本馆介绍
  • 公告通知
  • 最新文献
  • 馆藏检索
  • 电子资源
  • 读者导购
  • 参考咨询
  • 我的图书馆
  • 登录
  • 详细信息显示
  • 放入我的书架
  • 预约/预借图书
  • 作者相关作品
  • 分类相关作品
  • 丛书相关作品
  • 出版社相关作品

书目信息

  • 表格格式
  • 工作单格式
  • 卡片格式
题名:
线性代数典型题分析解集
    
 
作者: 徐仲 主编
分册:  
出版信息: 西安   西北工业大学出版社  2001.8
页数: 249页
开本: 20cm
丛书名:
单 册:
中图分类: O151.2-44
科图分类:
主题词: 代数 , 数论 , 组合数学
电子资源:
ISBN: 7-5612-1058-2
000 00689nam0 2200241 45
001 0012050811
005 20031219104052.3
010    @a7-5612-1058-2@dCNY8.50
100    @a20001205d2001 km y0chiy0120 ea
101 0  @achi
105    @a z 000yy
200 1  @a线性代数典型题分析解集@AXian Xing Dai Shu Dian Xing Ti Fen Xi Jie Ji@f徐仲主编@FXu Zhong Zhu Bian
205    @a2版
210    @a西安@c西北工业大学出版社@d2001.8
215    @a249页@d20cm
300    @a本书荣获全国大学出版社优秀畅销书奖
606 0  @a代数
606 0  @a数论
606 0  @a组合数学
690    @aO151.2-44@v1
701  0 @a徐仲@4主编
801    @aCN@bTSTC@c20011229
905    @b302489-498@dO151.2-44@e120=2@f10
    
    线性代数典型题分析解集/徐仲主编.-2版.-西安:西北工业大学出版社,2001.8
    249页;20cm
    本书荣获全国大学出版社优秀畅销书奖
    
    ISBN 7-5612-1058-2:CNY8.50
    
●
相关链接 在E读中查询图书 在五车中查询图书 在当当中查询图书 在豆瓣中查询图书


正题名:线性代数典型题分析解集     索取号:O151.2-44/120=2         预约/预借

序号 登录号 条形码 馆藏地/架位号 状态 备注
1 0302489   203024896   第三借阅区/ [索取号:O151.2-44/120=2] 在馆    
2 0302490   203024903   第三借阅区/ [索取号:O151.2-44/120=2] 在馆    
3 0302491   203024912   第三借阅区/ [索取号:O151.2-44/120=2] 在馆    
4 0302492   203024921   第三借阅区/ [索取号:O151.2-44/120=2] 在馆    
5 0302493   203024930   第三借阅区/ [索取号:O151.2-44/120=2] 在馆    
6 0302494   203024949   第三借阅区/ [索取号:O151.2-44/120=2] 在馆    
7 0302495   203024958   第三借阅区/ [索取号:O151.2-44/120=2] 在馆    
8 0302496   203024967   第三借阅区/ [索取号:O151.2-44/120=2] 在馆    
9 0302497   203024976   第三借阅区/ [索取号:O151.2-44/120=2] 在馆    
10 0302498   203024985   第二样本阅览室/ [索取号:O151.2-44/120=2] 在馆    
唐山师范学院图书馆 欢迎您!
大连网信软件有限公司© 版权所有